A shot in the dark /

Saved in:
Format: Book
Published: Estados Unidos : 1964.
LEADER 00310nam a22001097a 4500
003 AR-BeUNQ
005 20240301142906.0
999 |c 36889  |d 120689 
245 |a A shot in the dark /  |c Blake Edwards. 
260 |a Estados Unidos :  |c 1964. 
929 |a DONACION  |b Juan Miguel Hoffmann  |d 100,00E  |e 20160805  |f PAT0079243  |g 3108  |o PR 
942 |c VID  |n 1